[Event "GER-ch Youth U12M 2018"]
[Site "Willingen"]
[Date "2018.05.25"]
[Round "9"]
[White "Schulemann, Gero"]
[Black "Lutz, Adam"]
[Result "1-0"]
[WhiteElo "1700"]
[BlackElo "1761"]
[Annotator "NA RC"]
[PlyCount "115"]
[EventDate "2018.05.19"]
[EventType "swiss"]
[EventCountry "GER"]
[SourceTitle "playchess.com"]
[Source "ChessBase"]
[SourceQuality "1"]
[TimeControl "40/4500+30:900+30"]

1. e4 {[%emt 0:00:00]} c5 {[%emt 0:00:12]} 2. Nf3 {[%emt 0:00:00]} e6 {[%emt 0:00:04]} 3. d4 {[%emt 0:00:00]} cxd4 {[%emt 0:00:05]} 4. Nxd4 {[%emt 0:00:00]} Nf6 {[%emt 0:00:08]} 5. Nc3 {[%emt 0:00:00]} d6 {[%emt 0:00:04]} 6. f4 {[%emt 0:00:09]} a6 {[%emt 0:00:31]} 7. Qf3 {[%emt 0:00:33]} Qc7 {[%emt 0:00:51]} 8. Bd3 {[%emt 0:01:02]} Be7 {[%emt 0:00:50]} 9. Be3 {[%emt 0:00:55]} Nbd7 {[%emt 0:01:33]} 10. g4 {[%emt 0:01:41]} Nc5 {[%emt 0:01:46]} 11. O-O-O {[%emt 0:02:03]} b5 {[%emt 0:00:58]} 12. Kb1 {[%emt 0:00:43]} Bb7 {[%emt 0:01:01]} 13. g5 {[%emt 0:00:45]} Nfd7 {[%emt 0:01:23]} 14. h4 {[%emt 0:01:45]} Rc8 {[%emt 0:01:26]} 15. h5 {[%emt 0:03:41]} b4 {[%emt 0:02:53]} 16. Nce2 {[%emt 0:00:14]} Nxd3 {[%emt 0:02:50]} 17. cxd3 {[%emt 0:00:56]} Nc5 {[%emt 0:00:49]} 18. Nc1 {[%emt 0:05:23]} e5 {[%emt 0:01:31]} 19. fxe5 {[%emt 0:04:00]} dxe5 {[%emt 0:00:15]} 20. Nf5 {[%emt 0:01:44]} Ne6 {[%emt 0:04:59]} 21. g6 f6 {[%emt 0:02:23]} 22. h6 {[%emt 0:04:15]} Bf8 {[%emt 0:04:59]} 23. hxg7 {[%emt 0:04:38]} Bxg7 {[%emt 0:01:24]} 24. Rxh7 {[%emt 0:06:07]} Rg8 {[%emt 0:00:51]} 25. Nxg7+ {[%emt 0:05:21]} Nxg7 {[%emt 0:01:35]} 26. Qxf6 {[%emt 0:03:15]} b3 {[%emt 0:03:42]} 27. axb3 {[%emt 0:03:46]} a5 {[%emt 0:00:33]} 28. Rf1 {[%emt 0:02:02]} Qe7 {[%emt 0:01:22]} 29. Qf7+ {[%emt 0:01:45]} Kd7 {[%emt 0:00:07]} 30. Qxe7+ {[%emt 0:00:08]} Kxe7 {[%emt 0:00:09]} 31. Rf7+ {[%emt 0:00:05]} Ke6 {[%emt 0:00:20]} 32. Rxb7 {[%emt 0:00:31]} Kf6 {[%emt 0:00:04]} 33. Bh6 {[%emt 0:01:35]} Ne6 {[%emt 0:00:35]} 34. Ne2 {[%emt 0:01:45]} Kxg6 {[%emt 0:00:08]} 35. Be3 {[%emt 0:01:41]} Rh8 {[%emt 0:00:31]} 36. Rxh8 {[%emt 0:00:51]} Rxh8 {[%emt 0:00:01]} 37. Nc3 {[%emt 0:08:09]} Rh1+ {[%emt 0:00:19]} 38. Ka2 {[%emt 0:04:00]} Re1 {[%emt 0:00:11]} 39. Bd2 {[%emt 0:00:39]} Rf1 {[%emt 0:00:28]} 40. Rb6 {[%emt 0:01:13]} Kf7 {[%emt 0:15:04]} 41. Rb5 {[%emt 0:16:43]} Nd4 {[%emt 0:00:23]} 42. Rxe5 {[%emt 0:01:39]} Rf3 {[%emt 0:00:39]} 43. Rd5 {[%emt 0:01:46]} Nc6 {[%emt 0:00:02]} 44. Rf5+ {[%emt 0:01:15]} Rxf5 {[%emt 0:00:10]} 45. exf5 {[%emt 0:00:02]} Kf6 {[%emt 0:00:10]} 46. Ne4+ {[%emt 0:00:27]} Kxf5 {[%emt 0:00:08]} 47. Ka3 {[%emt 0:00:24]} Ke5 {[%emt 0:00:18]} 48. Ka4 {[%emt 0:00:42]} Kd4 {[%emt 0:00:10]} 49. Nf2 {[%emt 0:00:38]} Kc5 {[%emt 0:01:04]} 50. Bxa5 {[%emt 0:00:30]} Nd4 {[%emt 0:00:53]} 51. Bd2 {[%emt 0:01:03]} Nc2 {[%emt 0:00:51]} 52. b4+ {[%emt 0:00:18]} Kb6 {[%emt 0:00:27]} 53. Kb3 {[%emt 0:00:21]} Nd4+ {[%emt 0:00:05]} 54. Kc4 {[%emt 0:00:05]} Ne6 {[%emt 0:00:44]} 55. b5 {[%emt 0:00:14]} Nc7 {[%emt 0:00:37]} 56. Be3+ {[%emt 0:00:05]} Kb7 {[%emt 0:00:14]} 57. Ne4 {[%emt 0:00:33]} Ne6 {[%emt 0:00:06]} 58. Nc5+ {[%emt 0:00:33]} 1-0

[Event "GER-ch Youth U12M 2018"]
[Site "Willingen"]
[Date "2018.05.25"]
[Round "10"]
[White "Wagner, Leopold Franziskus"]
[Black "Eilenberg, Jonas"]
[Result "1-0"]
[WhiteElo "2234"]
[BlackElo "1852"]
[Annotator "ChessBase"]
[PlyCount "69"]
[EventDate "2018.05.19"]
[EventType "swiss"]
[EventCountry "GER"]
[SourceTitle "playchess.com"]
[Source "ChessBase"]
[SourceQuality "1"]
[TimeControl "40/4500+30:900+30"]

1. Nf3 {[%emt 0:00:00]} d5 {[%emt 0:00:06]} 2. g3 {[%emt 0:00:00]} Nc6 {[%emt 0:00:08]} 3. d4 {[%emt 0:00:28]} Bg4 {[%emt 0:00:06]} 4. Bg2 {[%emt 0:00:15]} Qd7 {[%emt 0:00:01]} 5. b3 {[%emt 0:01:04]} e6 {[%emt 0:02:08]} 6. Bb2 {[%emt 0:00:13]} Bd6 {[%emt 0:02:51]} 7. Nbd2 {[%emt 0:00:17]} Nf6 {[%emt 0:01:01]} 8. O-O {[%emt 0:00:25]} O-O-O {[%emt 0:00:54]} 9. c4 {[%emt 0:00:41]} h5 {[%emt 0:00:40]} 10. h3 {[%emt 0:05:53]} Bxf3 {[%emt 0:00:24]} 11. Nxf3 {[%emt 0:01:38]} Ne4 {[%emt 0:00:30]} 12. Ne5 {[%emt 0:02:28]} Nxe5 {[%emt 0:01:35]} 13. dxe5 {[%emt 0:00:11]} Bc5 {[%emt 0:00:10]} 14. e3 {[%emt 0:00:51]} h4 {[%emt 0:01:55]} 15. g4 {[%emt 0:02:24]} Qe7 {[%emt 0:01:28]} 16. Qc2 {[%emt 0:03:50]} f5 {[%emt 0:02:28]} 17. cxd5 {[%emt 0:01:47]} exd5 {[%emt 0:01:45]} 18. gxf5 {[%emt 0:01:46]} Qg5 {[%emt 0:02:33]} 19. Kh2 {[%emt 0:03:47]} Qxf5 {[%emt 0:07:29]} 20. f3 {[%emt 0:05:26]} Ng3 {[%emt 0:00:54]} 21. Qxc5 {[%emt 0:00:43]} Nxf1+ {[%emt 0:00:07]} 22. Rxf1 {[%emt 0:00:03]} Rh6 {[%emt 0:03:03]} 23. Rc1 {[%emt 0:13:05]} Rc6 {[%emt 0:01:28]} 24. Qd4 {[%emt 0:00:19]} Rxc1 {[%emt 0:01:25]} 25. Bxc1 {[%emt 0:00:10]} Kb8 {[%emt 0:02:25]} 26. e4 {[%emt 0:02:14]} Qg6 {[%emt 0:05:57]} 27. Bf4 {[%emt 0:02:17]} Qe6 {[%emt 0:02:59]} 28. Be3 {[%emt 0:02:16]} b6 {[%emt 0:00:56]} 29. b4 {[%emt 0:00:06]} Re8 {[%emt 0:04:43]} 30. f4 {[%emt 0:00:47]} Qg6 {[%emt 0:02:19]} 31. exd5 {[%emt 0:00:59]} Qg3+ {[%emt 0:00:25]} 32. Kh1 {[%emt 0:00:05]} Qe1+ {[%emt 0:01:41]} 33. Bg1 {[%emt 0:00:06]} g5 {[%emt 0:00:05]} 34. d6 {[%emt 0:01:23]} gxf4 {[%emt 0:00:58]} 35. Qd5 {[%emt 0:00:50]} 1-0

[Event "GER-ch Youth U12M 2018"]
[Site "Willingen"]
[Date "2018.05.25"]
[Round "10"]
[White "Hommer, Jeremy"]
[Black "Hecht, Jonas Christian"]
[Result "1-0"]
[WhiteElo "1897"]
[BlackElo "1713"]
[Annotator "NA RC"]
[PlyCount "101"]
[EventDate "2018.05.19"]
[EventType "swiss"]
[EventCountry "GER"]
[SourceTitle "playchess.com"]
[Source "ChessBase"]
[SourceQuality "1"]
[TimeControl "40/4500+30:900+30"]

1. e4 {[%emt 0:00:00]} c5 {[%emt 0:00:11]} 2. Nf3 {[%emt 0:00:00]} Nc6 {[%emt 0:00:08]} 3. Bb5 {[%emt 0:00:00]} g6 {[%emt 0:00:17]} 4. Bxc6 {[%emt 0:00:00]} bxc6 {[%emt 0:00:14]} 5. d3 {[%emt 0:03:16]} Bg7 {[%emt 0:00:39]} 6. O-O {[%emt 0:01:14]} Nf6 {[%emt 0:00:32]} 7. h3 {[%emt 0:02:50] B31: Sizilianisch (Rossolimo-Variante)} (7. e5 Nd5 8. Re1 O-O 9. Nbd2 f6 10. c4 Nc7 11. exf6 Rxf6 12. Ne4 Rf8 13. Nxc5 d6 14. Ne4 Bg4 15. Ned2 Qd7 16. h3 Bh5 {½-½ (28) Bergez,L (2342)-Cornette,M (2579) Drancy 2016}) 7... O-O {[%emt 0:00:17]} 8. c3 {[%emt 0:09:32]} Rb8 {[%emt 0:01:32]} 9. Qc2 {[%emt 0:00:34]} d6 {[%emt 0:03:16]} 10. Re1 $146 {[%emt 0:03:12]} ({Vorgänger:} 10. Be3 Ne8 11. Nbd2 f5 12. exf5 Bxf5 {0-1 (25) Schenker,L (1651)-Rumyantsev,V (1934) ICCF email 2015}) 10... Qb6 {[%emt 0:03:27]} 11. Nbd2 {[%emt 0:03:23]} Ba6 {[%emt 0:01:26]} 12. Nf1 {[%emt 0:09:13]} Rfd8 {[%emt 0:04:39]} 13. Rb1 {[%emt 0:11:52]} Nd7 {[%emt 0:02:03]} 14. Be3 {[%emt 0:03:03]} Qc7 {[%emt 0:06:11]} 15. a4 {[%emt 0:03:15]} Rb7 {[%emt 0:01:33]} 16. b4 {[%emt 0:05:01]} cxb4 {[%emt 0:03:00]} 17. Rxb4 {[%emt 0:02:38]} Rdb8 {[%emt 0:00:51]} 18. Reb1 {[%emt 0:00:17]} c5 {[%emt 0:01:11]} 19. Rxb7 {[%emt 0:00:46]} Rxb7 {[%emt 0:00:27]} 20. Rxb7 {[%emt 0:01:47]} Qxb7 {[%emt 0:00:11]} 21. d4 {[%emt 0:01:44]} cxd4 {[%emt 0:04:22]} 22. cxd4 {[%emt 0:00:36]} Nb6 {[%emt 0:03:54]} 23. N1d2 {[%emt 0:00:36]} Qc8 {[%emt 0:00:48]} 24. Qb3 {[%emt 0:02:02]} Qc1+ {[%emt 0:04:25]} 25. Kh2 {[%emt 0:00:47]} Qa1 {[%emt 0:03:49]} 26. Ng5 {[%emt 0:03:12]} d5 {[%emt 0:00:23]} 27. Qb4 {[%emt 0:03:33]} Bf8 {[%emt 0:01:11]} 28. a5 {[%emt 0:02:45]} e6 {[%emt 0:03:38]} 29. Qb3 {[%emt 0:01:24]} Qxa5 {[%emt 0:00:18]} 30. Ndf3 {[%emt 0:00:54]} h6 {[%emt 0:01:01]} 31. Nxf7 {[%emt 0:01:04]} Kxf7 {[%emt 0:00:12]} 32. Ne5+ {[%emt 0:00:01]} Ke8 {[%emt 0:16:02]} 33. Nxg6 {[%emt 0:01:26]} Bg7 {[%emt 0:00:54]} 34. Qc2 {[%emt 0:03:51]} Bc4 {[%emt 0:01:04]} 35. Nf4 {[%emt 0:01:28]} Qa4 {[%emt 0:07:42]} 36. Qb1 {[%emt 0:01:38]} Qb3 {[%emt 0:00:40]} 37. Qa1 {[%emt 0:00:43]} Qa2 {[%emt 0:00:24]} 38. Qd1 {[%emt 0:00:09]} Qa3 {[%emt 0:05:20]} (38... dxe4 $15 39. Qh5+ Kd8) 39. Qg4 {[%emt 0:02:29]} Qe7 {[%emt 0:01:31]} 40. Nxe6 {[%emt 0:00:58]} Bf6 {[%emt 0:15:38]} 41. e5 {[%emt 0:04:05]} Kf7 {[%emt 0:00:00]} 42. exf6 {[%emt 0:02:23]} Qxe6 {[%emt 0:00:00]} 43. Qg7+ {[%emt 0:00:11]} Ke8 {[%emt 0:00:00]} 44. Qh8+ {[%emt 0:02:04]} Kf7 {[%emt 0:00:00]} 45. Qg7+ {[%emt 0:00:04]} Ke8 {[%emt 0:00:00]} 46. Qxh6 {[%emt 0:02:57]} Nd7 {[%emt 0:00:00]} 47. Qh8+ {[%emt 0:02:16]} Kf7 $1 {[%emt 0:00:00]} 48. Qg7+ $16 {[%emt 0:00:03]} ({White should play} 48. Qh7+ $11 Kxf6 49. g4 Qd6+ 50. Kg1) 48... Ke8 {[%emt 0:00:00]} 49. Bg5 {[%emt 0:01:50]} a5 {[%emt 0:00:00]} 50. Qh8+ {[%emt 0:00:28]} Kf7 {[%emt 0:00:00]} 51. Qh5+ {[%emt 0:00:06]} 1-0

[Event "GER-ch Youth U12M 2018"]
[Site "Willingen"]
[Date "2018.05.25"]
[Round "10"]
[White "Laux, Dominik"]
[Black "Metzdorf, Matteo"]
[Result "1/2-1/2"]
[WhiteElo "1889"]
[BlackElo "1832"]
[Annotator "NA"]
[PlyCount "44"]
[EventDate "2018.05.19"]
[EventType "swiss"]
[EventCountry "GER"]
[SourceTitle "playchess.com"]
[Source "ChessBase"]
[SourceQuality "1"]
[TimeControl "40/4500+30:900+30"]

1. d4 {[%emt 0:00:00]} e6 {[%emt 0:00:05]} 2. Bf4 {[%emt 0:00:00]} Nf6 {[%emt 0:00:06]} 3. e3 {[%emt 0:00:00]} c5 {[%emt 0:00:10]} 4. c3 {[%emt 0:00:12]} b6 {[%emt 0:00:18]} 5. Nd2 {[%emt 0:00:38]} Be7 {[%emt 0:00:34]} 6. Bd3 {[%emt 0:00:30]} Ba6 {[%emt 0:00:29]} 7. Bxa6 {[%emt 0:00:20]} Nxa6 {[%emt 0:00:05]} 8. Ngf3 {[%emt 0:00:03]} O-O {[%emt 0:01:40]} 9. h3 {[%emt 0:00:31]} d5 {[%emt 0:01:03]} 10. Ne5 {[%emt 0:00:55]} Nb8 {[%emt 0:04:52]} 11. O-O {[%emt 0:01:00]} Nfd7 {[%emt 0:00:59]} 12. Ndf3 {[%emt 0:03:44]} f6 {[%emt 0:05:51]} 13. Nxd7 $11 {[%emt 0:01:13]} Qxd7 {[%emt 0:01:01]} 14. Re1 {[%emt 0:02:29]} Nc6 {[%emt 0:07:04]} 15. Qe2 {[%emt 0:04:54]} Bd6 {[%emt 0:02:09]} 16. Bxd6 {[%emt 0:04:55]} Qxd6 {[%emt 0:00:14]} 17. Rad1 {[%emt 0:00:21]} Rfe8 {[%emt 0:04:53]} 18. e4 {[%emt 0:06:41]} Rad8 {[%emt 0:06:29]} 19. exd5 {[%emt 0:06:18]} exd5 {[%emt 0:03:03]} 20. Qxe8+ {[%emt 0:03:08]} Rxe8 {[%emt 0:01:00]} 21. Rxe8+ {[%emt 0:00:09]} Kf7 {[%emt 0:00:06]} 22. Re2 {[%emt 0:01:07]} c4 {[%emt 0:07:28]} 1/2-1/2

[Event "GER-ch Youth U12M 2018"]
[Site "Willingen"]
[Date "2018.05.25"]
[Round "10"]
[White "Tham, Nam"]
[Black "Schubert, Nikita"]
[Result "1/2-1/2"]
[WhiteElo "1866"]
[BlackElo "1802"]
[Annotator "NA RC"]
[PlyCount "59"]
[EventDate "2018.05.19"]
[EventType "swiss"]
[EventCountry "GER"]
[SourceTitle "playchess.com"]
[Source "ChessBase"]
[SourceQuality "1"]
[TimeControl "40/4500+30:900+30"]

1. e4 {[%emt 0:00:00]} e5 {[%emt 0:00:04]} 2. Nf3 {[%emt 0:00:00]} Nc6 {[%emt 0:00:03]} 3. Bc4 {[%emt 0:00:00]} Bc5 {[%emt 0:00:07]} 4. c3 {[%emt 0:00:00]} Nf6 {[%emt 0:00:04]} 5. d3 {[%emt 0:00:00]} O-O {[%emt 0:00:08]} 6. Bb3 {[%emt 0:00:07] C54: Italienische Partie (Hauptvariante)} (6. Nbd2 d5 7. exd5 Nxd5 8. Ne4 Bb6 9. O-O Bg4 10. h3 Bh5 11. Ng3 Bg6 12. Re1 Re8 13. d4 Nf6 14. dxe5 Qxd1 15. Rxd1 Nxe5 16. Nxe5 {½-½ (16) Anand,V (2776)-Kramnik,V (2800) Moscow 2018}) 6... d5 {[%emt 0:00:06]} 7. Qe2 {[%emt 0:00:40]} Be6 {[%emt 0:06:24]} 8. O-O {[%emt 0:01:05]} Qe7 {[%emt 0:07:22]} 9. Nbd2 {[%emt 0:00:20]} Rad8 $146 {[%emt 0:00:26]} ({Vorgänger:} 9... dxe4 10. dxe4 Rad8 11. Nc4 a6 12. Bg5 h6 13. Bh4 Kh7 {1-0 (31) Weisbuch,U (2254)-Havik,V (2092) Gibraltar 2016}) 10. h3 {[%emt 0:00:36]} dxe4 {[%emt 0:06:30]} 11. dxe4 {[%emt 0:00:30]} Bxb3 {[%emt 0:01:59]} 12. axb3 {[%emt 0:01:27]} Qe6 {[%emt 0:01:42]} 13. b4 {[%emt 0:01:07]} Bb6 {[%emt 0:00:24]} 14. Nc4 {[%emt 0:00:46]} Nd7 {[%emt 0:02:14]} 15. Re1 {[%emt 0:05:27]} Ne7 {[%emt 0:01:42]} 16. Bg5 {[%emt 0:02:45]} f6 {[%emt 0:00:46]} 17. Be3 {[%emt 0:00:33]} Ng6 {[%emt 0:01:04]} 18. Nxb6 {[%emt 0:01:45]} axb6 {[%emt 0:00:10]} 19. Red1 {[%emt 0:01:33]} Ra8 {[%emt 0:06:48]} 20. Qc2 {[%emt 0:04:24]} Rfd8 {[%emt 0:02:10]} 21. Nd2 {[%emt 0:03:12]} Ndf8 {[%emt 0:08:07]} 22. Nf1 {[%emt 0:00:41]} Qe8 {[%emt 0:02:59]} 23. Ng3 {[%emt 0:00:48]} Ne6 {[%emt 0:00:06]} 24. Qb3 {[%emt 0:00:47]} Kh8 {[%emt 0:05:09]} 25. Nf5 {[%emt 0:01:28]} Ngf4 {[%emt 0:01:43]} 26. Kh2 {[%emt 0:04:52]} (26. Rxa8 $14 Rxa8 27. Bxf4 Nxf4 28. Kh2) 26... Qc6 {[%emt 0:07:19]} 27. Bxf4 {[%emt 0:06:27]} exf4 {[%emt 0:02:47]} 28. f3 {[%emt 0:02:28]} Rxa1 $1 {[%emt 0:02:54]} 29. Rxa1 {[%emt 0:00:39]} Qd7 $14 {[%emt 0:01:37]} 30. Qc4 {[%emt 0:04:50]} 1/2-1/2

[Event "GER-ch Youth U12M 2018"]
[Site "Willingen"]
[Date "2018.05.25"]
[Round "10"]
[White "Haack, Kevin"]
[Black "Bui, Bao Anh Le"]
[Result "1-0"]
[WhiteElo "1846"]
[BlackElo "1974"]
[Annotator "NA RC"]
[PlyCount "101"]
[EventDate "2018.05.19"]
[EventType "swiss"]
[EventCountry "GER"]
[SourceTitle "playchess.com"]
[Source "ChessBase"]
[SourceQuality "1"]
[TimeControl "40/4500+30:900+30"]

1. c4 {[%emt 0:00:00]} e5 {[%emt 0:00:05]} 2. g3 {[%emt 0:00:00]} c5 {[%emt 0:00:09]} 3. Bg2 {[%emt 0:00:03]} Nc6 {[%emt 0:00:04]} 4. Nc3 {[%emt 0:00:21]} g6 {[%emt 0:00:06]} 5. a3 {[%emt 0:00:19]} Bg7 {[%emt 0:00:19]} 6. b4 {[%emt 0:01:14]} d6 {[%emt 0:00:31] A36: Symmetrical English vs ...g6: 4 Bg2 Bg7} 7. Rb1 {[%emt 0:00:29]} Nge7 {[%emt 0:02:09]} 8. d3 {[%emt 0:00:48]} (8. b5 Na5 9. d3 h6 10. e4 O-O 11. Nge2 f5 12. exf5 Bxf5 13. O-O Kh7 14. Nd5 Nxd5 15. Bxd5 Nxc4 16. Bxc4 {½-½ (41) Iordachescu,V (2601)-Georgiev,V (2553) Condino 2014}) 8... O-O {[%emt 0:07:07]} 9. e3 {[%emt 0:01:34]} Qc7 {[%emt 0:20:08]} 10. Nge2 {[%emt 0:03:37]} Be6 {[%emt 0:07:05]} 11. O-O $146 {[%emt 0:03:58]} ({Predecessor:} 11. Ne4 f5 12. Ng5 f4 13. bxc5 dxc5 14. gxf4 Bg4 15. f3 {½-½ (68) Karasev,V (2414)-Hrabinska,M (2220) St Petersburg 2004}) 11... Rfd8 {[%emt 0:06:46]} 12. Nd5 {[%emt 0:03:00]} Bxd5 {[%emt 0:01:10]} 13. cxd5 {[%emt 0:00:16]} Nb8 {[%emt 0:05:09]} 14. bxc5 {[%emt 0:09:00]} Qxc5 {[%emt 0:07:15]} 15. Rxb7 {[%emt 0:01:53]} Nd7 {[%emt 0:00:13]} 16. Bd2 {[%emt 0:13:05]} Qxa3 {[%emt 0:14:13]} 17. Rb3 {[%emt 0:09:46]} Qa6 {[%emt 0:02:13]} 18. Bb4 {[%emt 0:06:55]} Nb6 {[%emt 0:05:35]} 19. Qa1 {[%emt 0:05:56]} Qxa1 {[%emt 0:02:47]} 20. Rxa1 {[%emt 0:00:38]} f5 {[%emt 0:01:33]} 21. Nc3 {[%emt 0:01:28]} Nec8 {[%emt 0:00:39]} 22. e4 {[%emt 0:02:27]} Kf7 {[%emt 0:00:09]} 23. Bh3 {[%emt 0:01:27]} Kf6 {[%emt 0:00:04]} 24. Nb5 {[%emt 0:01:52]} Rd7 {[%emt 0:00:24]} 25. g4 {[%emt 0:01:01]} a6 {[%emt 0:00:27]} 26. Rba3 {[%emt 0:02:42]} axb5 {[%emt 0:00:43]} 27. Rxa8 {[%emt 0:00:06]} Nxa8 {[%emt 0:00:02]} 28. Rxa8 {[%emt 0:00:08]} Rc7 {[%emt 0:00:53]} 29. gxf5 {[%emt 0:00:50]} g5 {[%emt 0:00:01]} 30. Rb8 {[%emt 0:01:00]} h5 {[%emt 0:00:05]} 31. Rxb5 {[%emt 0:01:07]} Ke7 {[%emt 0:01:55]} 32. f6+ {[%emt 0:01:18]} Bxf6 {[%emt 0:00:48]} 33. Bxc8 {[%emt 0:00:10]} Rxc8 {[%emt 0:00:30]} 34. Rb7+ {[%emt 0:00:07]} Ke8 {[%emt 0:00:15]} 35. Bxd6 {[%emt 0:00:26]} Rd8 {[%emt 0:00:25]} 36. Rb8 {[%emt 0:00:54]} Rxb8 {[%emt 0:00:20]} 37. Bxb8 {[%emt 0:00:10]} Kd7 {[%emt 0:00:16]} 38. f3 {[%emt 0:00:56]} Kc8 {[%emt 0:00:20]} 39. Ba7 {[%emt 0:00:07]} Kb7 {[%emt 0:00:25]} 40. Bf2 {[%emt 0:00:08]} Ka6 {[%emt 0:16:01]} 41. Kg2 $18 {[%emt 0:15:12]} Kb5 {[%emt 0:00:00]} 42. h4 {[%emt 0:00:00]} Kb4 {[%emt 0:00:10]} 43. Kh3 {[%emt 0:00:00]} Kc3 {[%emt 0:00:49]} 44. Bg3 {[%emt 0:00:00]} Kxd3 {[%emt 0:00:37]} 45. hxg5 {[%emt 0:00:00]} Bxg5 {[%emt 0:00:07]} 46. Bxe5 {[%emt 0:00:00]} Ke3 {[%emt 0:00:26]} 47. Kg3 {[%emt 0:00:00]} h4+ {[%emt 0:00:09]} 48. Kg4 {[%emt 0:00:00]} Bd8 {[%emt 0:00:03]} 49. Bf4+ {[%emt 0:00:00]} Kd4 {[%emt 0:00:48]} 50. Bd2 {[%emt 0:00:00]} Be7 {[%emt 0:00:58]} 51. Be1 {[%emt 0:00:00] Kxd5} 1-0

[Event "GER-ch Youth U12M 2018"]
[Site "Willingen"]
[Date "2018.05.25"]
[Round "10"]
[White "Bakiev, Diyor"]
[Black "Phan Trong, Dai"]
[Result "0-1"]
[WhiteElo "1752"]
[BlackElo "1579"]
[Annotator "NA RC"]
[PlyCount "154"]
[EventDate "2018.05.19"]
[EventType "swiss"]
[EventCountry "GER"]
[SourceTitle "playchess.com"]
[Source "ChessBase"]
[SourceQuality "1"]
[TimeControl "40/4500+30:900+30"]

1. e4 {[%emt 0:00:00]} e5 {[%emt 0:00:08]} 2. Nf3 {[%emt 0:00:00]} Nc6 {[%emt 0:00:09]} 3. Bc4 {[%emt 0:00:00]} Bc5 {[%emt 0:00:12]} 4. b4 {[%emt 0:00:17]} Bb6 {[%emt 0:00:05]} 5. a4 {[%emt 0:00:11]} a6 {[%emt 0:00:06]} 6. O-O {[%emt 0:00:37]} Nf6 {[%emt 0:00:05]} 7. Re1 {[%emt 0:00:26]} O-O {[%emt 0:00:22]} 8. d3 {[%emt 0:02:23]} d6 {[%emt 0:01:04]} 9. c3 {[%emt 0:01:11]} Be6 {[%emt 0:04:17]} 10. Nbd2 {[%emt 0:06:23]} h6 {[%emt 0:13:19]} 11. h3 {[%emt 0:03:52]} Nh5 {[%emt 0:09:50]} 12. Nxe5 {[%emt 0:10:03]} Nxe5 {[%emt 0:00:44]} 13. Qxh5 {[%emt 0:00:47]} Bxc4 {[%emt 0:04:52]} 14. dxc4 {[%emt 0:01:55]} Nd3 {[%emt 0:02:22]} 15. Rf1 {[%emt 0:01:58]} Qf6 {[%emt 0:01:08]} 16. Qf3 {[%emt 0:01:22]} Bxf2+ {[%emt 0:06:19]} 17. Rxf2 {[%emt 0:00:24]} Qxc3 {[%emt 0:00:10]} 18. Rb1 {[%emt 0:06:15]} Qd4 {[%emt 0:00:12]} 19. Nb3 {[%emt 0:01:16]} Qxf2+ {[%emt 0:00:47]} 20. Qxf2 {[%emt 0:00:07]} Nxf2 {[%emt 0:00:07]} 21. Kxf2 {[%emt 0:00:04]} Rae8 {[%emt 0:00:24]} 22. Nd2 {[%emt 0:06:18]} f5 {[%emt 0:00:34]} 23. exf5 {[%emt 0:01:05]} Rxf5+ {[%emt 0:00:24]} 24. Nf3 {[%emt 0:00:17]} Re4 {[%emt 0:00:46]} 25. Bd2 {[%emt 0:06:22]} Rxc4 {[%emt 0:01:50]} 26. Rc1 {[%emt 0:00:55]} Rxc1 {[%emt 0:02:38]} 27. Bxc1 {[%emt 0:00:06]} a5 {[%emt 0:02:03]} 28. b5 {[%emt 0:05:29]} Rc5 {[%emt 0:01:12]} 29. Bd2 {[%emt 0:00:17]} b6 {[%emt 0:00:32]} 30. Nd4 {[%emt 0:02:36]} Kf7 {[%emt 0:00:15]} 31. Ne2 {[%emt 0:01:33]} Rc4 {[%emt 0:00:57]} 32. Nc3 {[%emt 0:00:20]} Ke6 {[%emt 0:00:13]} 33. Ke3 {[%emt 0:01:53]} h5 {[%emt 0:02:24]} 34. Kd3 {[%emt 0:01:52]} d5 {[%emt 0:02:36]} 35. g3 {[%emt 0:03:07]} h4 {[%emt 0:02:48]} 36. g4 {[%emt 0:02:24]} Rb4 {[%emt 0:00:49]} 37. Bg5 {[%emt 0:02:05]} d4 {[%emt 0:00:24]} 38. Ne2 {[%emt 0:01:35]} Rxa4 {[%emt 0:00:33]} 39. Bxh4 {[%emt 0:01:34]} Kd5 {[%emt 0:00:46]} 40. Bd8 {[%emt 0:03:56]} Ra3+ {[%emt 0:18:46]} 41. Kd2 {[%emt 0:15:46]} d3 {[%emt 0:04:01]} 42. Nc1 {[%emt 0:03:18]} Kd6 {[%emt 0:05:38]} 43. Nxd3 Rb3 {[%emt 0:00:00]} 44. h4 {[%emt 0:00:00]} Rxb5 {[%emt 0:00:00]} 45. h5 {[%emt 0:00:56]} a4 {[%emt 0:00:00]} 46. Bf6 {[%emt 0:06:54]} gxf6 {[%emt 0:00:00]} 47. h6 {[%emt 0:00:05]} Ra5 {[%emt 0:00:00]} 48. Nf4 {[%emt 0:01:12]} Ra8 {[%emt 0:00:00]} 49. Kc2 {[%emt 0:02:09]} Rh8 {[%emt 0:00:00]} 50. Kb2 {[%emt 0:00:43]} Rxh6 {[%emt 0:00:00]} 51. Ka3 {[%emt 0:00:18]} Rh4 {[%emt 0:00:00]} 52. Nh5 {[%emt 0:00:13]} Rxg4 {[%emt 0:00:00]} 53. Nxf6 {[%emt 0:00:05]} Rf4 {[%emt 0:00:00]} 54. Nh5 {[%emt 0:00:18]} Rc4 {[%emt 0:00:00]} 55. Ng7 {[%emt 0:00:24]} b5 {[%emt 0:00:00]} 56. Nf5+ {[%emt 0:00:13]} Ke5 {[%emt 0:00:00]} 57. Ne7 {[%emt 0:00:12]} c5 {[%emt 0:00:00]} 58. Nc6+ {[%emt 0:00:08]} Kd6 {[%emt 0:00:00]} 59. Nd8 {[%emt 0:00:12]} Rc3+ {[%emt 0:00:00]} 60. Kb2 {[%emt 0:00:04]} b4 61. Nb7+ {[%emt 0:01:02]} Kc7 {[%emt 0:00:00]} 62. Na5 {[%emt 0:00:19]} Kb6 {[%emt 0:00:00]} 63. Nc4+ {[%emt 0:00:09]} Rxc4 {[%emt 0:00:00]} 64. Ka1 {[%emt 0:00:03]} Rc2 {[%emt 0:00:00]} 65. Kb1 {[%emt 0:00:03]} b3 {[%emt 0:00:00]} 66. Ka1 {[%emt 0:00:03]} a3 {[%emt 0:00:00]} 67. Kb1 {[%emt 0:00:03]} a2+ {[%emt 0:00:00]} 68. Ka1 {[%emt 0:00:04]} Rc1+ {[%emt 0:00:00]} 69. Kb2 {[%emt 0:00:05]} Rb1+ {[%emt 0:00:00]} 70. Kc3 {[%emt 0:00:09]} a1=Q+ {[%emt 0:00:00]} 71. Kd3 {[%emt 0:00:03]} Qd4+ {[%emt 0:00:00]} 72. Ke2 {[%emt 0:00:06]} Rd1 {[%emt 0:00:00]} 73. Kf3 {[%emt 0:00:19]} Re1 {[%emt 0:00:00]} 74. Kg3 {[%emt 0:00:10]} Rf1 {[%emt 0:00:00]} 75. Kh3 {[%emt 0:00:11]} Qg7 {[%emt 0:00:00]} 76. Kh2 {[%emt 0:00:08]} Rg1 {[%emt 0:00:00]} 77. Kh3 {[%emt 0:00:34]} Qh7# {[%emt 0:00:00]} 0-1